الدراجات الناريه / (Record no. 31864)

MARC details
000 -LEADER
fixed length control field 00519nam a22001817a 4500
005 - DATE AND TIME OF LATEST TRANSACTION
control field 20251108165817.0
008 - FIXED-LENGTH DATA ELEMENTS--GENERAL INFORMATION
fixed length control field 250721s1991 xx 000 0 ara d
082 14 - DEWEY DECIMAL CLASSIFICATION NUMBER
Classification number ط/629.2275/كير
100 1# - MAIN ENTRY--PERSONAL NAME
Personal name كيرود، روبن
245 10 - TITLE STATEMENT
Title الدراجات الناريه /
264 1# - PRODUCTION, PUBLICATION, DISTRIBUTION, MANUFACTURE, AND COPYRIGHT NOTICE
Place of production, publication, distribution, manufacture بيروت :
Name of producer, publisher, distributor, manufacturer دار المجاني،
Date of production, publication, distribution, manufacture, or copyright notice 1991.
300 ## - PHYSICAL DESCRIPTION
Extent 31ص
490 0# - SERIES STATEMENT
Series statement كيف تعمل
650 17 - SUBJECT ADDED ENTRY--TOPICAL TERM
Topical term or geographic name as entry element الدراجات الناريه
700 1# - ADDED ENTRY--PERSONAL NAME
Personal name جعارة، هيام
Relator term ترجمة
942 ## - ADDED ENTRY ELEMENTS (KOHA)
Source of classification or shelving scheme Dewey Decimal Classification
Koha item type Books
Holdings
حالة السحب حالة الفقدان مصدر التصنيف حالة التلف غير قابل للإعارة المكتبة الرئيسية المكتبة الحالية موقع الرف تاريخ التزويد الرقم المتسلسل Total Checkouts رقم الإستدعاء تاريخ آخر ظهور تاريخ الفاتورة نوع المادة (كوها) الباركود
    Dewey Decimal Classification     مكتبة الأميرة سلمى مكتبة الأميرة سلمى الأطفال 28/07/2025 566188   ط/629.2275/كير 28/07/2025 28/07/2025 Books 566188
    Dewey Decimal Classification Unchecked   مكتبة الراية الهاشمية للأطفال مكتبة الراية الهاشمية للأطفال الإعارة 28/07/2025 296387   ط/629.2275/كير 28/07/2025 28/07/2025 Books  
    Dewey Decimal Classification     مكتبة بدر للأطفال مكتبة بدر للأطفال الأطفال 29/08/2022 290156   ط/629.2275/كير 28/07/2025 29/08/2022 Books PLD00500518
Implemented & Customized by: BBB with SCIT (Smart Chains for Information Technology)

Powered by Koha